Edvard Munch : [Ausstellung] Museum Folkwang Essen, 18. September-8. November 1987; Kunsthaus Zürich, 19. November 1987-14. Februar 1988.

Bibliographic Details
Main Author: Munch, Edvard, 1863-1944
Corporate Authors: Museum Folkwang Essen, Kunsthaus Zürich
Other Authors: Magnaguagno, Guido
Format: Book
Language:German
Published: [Essen, Germany] : [Zurich, Switzerland] : [Museum Folkwang Essen] ; [Kunsthaus Zürich], [1987]
Subjects:

MARC

Tag First Indicator Second Indicator Subfields
LEADER 00000cam a2200000 a 4500
001 in00000018937
005 20151007054118.0
008 880311s1987 gw abc bc 00010dger d
035 |a (OCoLC)17687105 
035 |9 AAB4018AM 
040 |a TEU  |c TEU  |d IQU  |d TXA  |d UtOrBLW 
049 |a TXAM  |c [A11113075] 
050 4 |a N7073.M8  |b A4 1987 
100 1 |a Munch, Edvard,  |d 1863-1944. 
245 1 0 |a Edvard Munch :  |b [Ausstellung] Museum Folkwang Essen, 18. September-8. November 1987; Kunsthaus Zürich, 19. November 1987-14. Februar 1988. 
264 1 |a [Essen, Germany] :  |b [Museum Folkwang Essen] ;  |a [Zurich, Switzerland] :  |b [Kunsthaus Zürich],  |c [1987] 
264 4 |c [©1987] 
300 |a 364 pages :  |b illustrations (some color), map, portraits ;  |c 28 cm. 
336 |a text  |b txt  |2 rdacontent 
337 |a unmediated  |b n  |2 rdamedia 
338 |a volume  |b nc  |2 rdacarrier 
500 |a "Organisation Ausstellung und Redaktion Katalog, Guido Magnaguagno"-- P. 10. 
504 |a Bibliography: pages 361-363. 
600 1 0 |a Munch, Edvard,  |d 1863-1944  |x Exhibitions. 
700 1 |a Magnaguagno, Guido. 
710 2 |a Museum Folkwang Essen. 
710 2 |a Kunsthaus Zürich. 
999 |a MARS 
999 f f |s 7816537a-46c8-339e-a974-a014159f98d5  |i a90ed59f-4df7-3251-8698-4d94fce30599  |t 0 
952 f f |p normal  |a Texas A&M University  |b College Station  |c Sterling C. Evans Library  |d Evans: Library Stacks  |t 0  |e N7073.M8 A4 1987  |h Library of Congress classification  |i unmediated -- volume  |m A14811113075 
998 f f |a N7073.M8 A4 1987  |t 0  |l Evans: Library Stacks